Geology and mineral resources of the northwest quarter of the Cohutta Mountin quadrangle. (Record no. 29619)

MARC details
000 -LEADER
fixed length control field 01161cam a22003011 4500
001 - CONTROL NUMBER
control field gs 62000190
003 - CONTROL NUMBER IDENTIFIER
control field DLC
005 - DATE AND TIME OF LATEST TRANSACTION
control field 20260227111411.0
008 - FIXED-LENGTH DATA ELEMENTS--GENERAL INFORMATION
fixed length control field 770804s1961 gauab b s001 0 eng
010 ## - LIBRARY OF CONGRESS CONTROL NUMBER
LC control number gs 62000190
035 ## - SYSTEM CONTROL NUMBER
System control number (OCoLC)3161385
040 ## - CATALOGING SOURCE
Original cataloging agency DLC
Transcribing agency NSbSU
Modifying agency OCoLC
-- DLC
042 ## - AUTHENTICATION CODE
Authentication code premarc
050 00 - LIBRARY OF CONGRESS CALL NUMBER
Classification number QE101
Item number .A12 no. 71
100 1# - MAIN ENTRY--PERSONAL NAME
Personal name Salisbury, John W.
245 00 - TITLE STATEMENT
Title Geology and mineral resources of the northwest quarter of the Cohutta Mountin quadrangle.
260 ## - PUBLICATION, DISTRIBUTION, ETC.
Place of publication, distribution, etc. Atlanta,
Date of publication, distribution, etc. 1961.
300 ## - PHYSICAL DESCRIPTION
Extent vi, 61 p.
Other physical details illus., 2 maps (1 fold. col. in pocket) diagrs., tables.
Dimensions 23 cm.
490 1# - SERIES STATEMENT
Series statement Georgia. Dept. of Mines, Mining, and Geology. Bulletin
Volume/sequential designation no. 71
500 ## - GENERAL NOTE
General note At head of title: The Geological Survey.
500 ## - GENERAL NOTE
General note Index in pocket.
500 ## - GENERAL NOTE
General note Originally submitted as a dissertation for the Ph. D. degree at Yale University.
504 ## - BIBLIOGRAPHY, ETC. NOTE
Bibliography, etc. note Bibliography: p. 59-61.
650 #0 - SUBJECT ADDED ENTRY--TOPICAL TERM
Topical term or geographic name entry element Geology
Geographic subdivision Georgia
-- Cohutta Mountain
650 #0 - SUBJECT ADDED ENTRY--TOPICAL TERM
Topical term or geographic name entry element Mines and mineral resources
Geographic subdivision Georgia
-- Cohutta Mountain
740 0# - ADDED ENTRY--UNCONTROLLED RELATED/ANALYTICAL TITLE
Uncontrolled related/analytical title Cohutta Mountain quadrangle.
810 10 - SERIES ADDED ENTRY--CORPORATE NAME
Corporate name or jurisdiction name as entry element Georgia.
Subordinate unit Department of Mines, Mining, and Geology.
Title of a work Bulletin
Volume/sequential designation no. 71.

No items available.

Powered by Koha